Estatísticas para Zimbabué

Clique aqui para jogar o quiz

Estatísticas Gerais

  • Esse quiz foi jogado 5 vezes
  • A pontuação média é 8 de 12

Estatísticas das Respostas

HintResposta% Correto
Onde fica?África
100%
Com que país faz fronteira a Sul?África do Sul
100%
Qual é o seu idioma?Inglês
100%
De que país é independente?Reino Unido
100%
Com que país faz fronteira a Norte?Zâmbia
100%
Com que país faz fronteira a Norte e a Leste?Moçambique
75%
Com que país faz fronteira a Oeste?Botswana
50%
Qual é a sua capital?Harare
50%
Qual é a sua bebida típica?Chibuku
25%
Que monumento deu nome ao país?Grande Zimbabwe
25%
Qual é o seu ponto mais alto?Monte Nyangani
25%
Qual é o prato típico?Sadza
25%

Distribuição das Pontuações

Percentil de Números Respondidos

Porcentagem de Pessoas com Cada Pontuação

Sua Pontuação Histórica

Você não jogou esse quiz